The quantum Universe (Record no. 8323)

MARC details
000 -LEADER
fixed length control field 00501nam a22001937a 4500
003 - CONTROL NUMBER IDENTIFIER
control field OSt
005 - DATE AND TIME OF LATEST TRANSACTION
control field 20240502133337.0
008 - FIXED-LENGTH DATA ELEMENTS--GENERAL INFORMATION
fixed length control field 240502b |||||||| |||| 00| 0 eng d
020 ## - INTERNATIONAL STANDARD BOOK NUMBER
International Standard Book Number 0521318459
040 ## - CATALOGING SOURCE
Transcribing agency DDC
082 ## - DEWEY DECIMAL CLASSIFICATION NUMBER
Classification number 530.12 HEY 1987
100 ## - MAIN ENTRY--PERSONAL NAME
Relator code Walters Patrick, Hey Tony.
245 ## - TITLE STATEMENT
Title The quantum Universe
260 ## - PUBLICATION, DISTRIBUTION, ETC. (IMPRINT)
Place of publication, distribution, etc. UK,
Name of publisher, distributor, etc. Cambridge University,
Date of publication, distribution, etc. 1987.
300 ## - PHYSICAL DESCRIPTION
Extent iv;180p,
Other physical details ill,
Dimensions 25.9cm.
504 ## - BIBLIOGRAPHY, ETC. NOTE
Bibliography, etc Appendixes,Glossary,Index.
650 ## - SUBJECT ADDED ENTRY--TOPICAL TERM
Topical term or geographic name as entry element Physics
9 (RLIN) 809
942 ## - ADDED ENTRY ELEMENTS (KOHA)
Source of classification or shelving scheme Dewey Decimal Classification
Koha item type Open Shelf
Holdings
Withdrawn status Lost status Source of classification or shelving scheme Damaged status Not for loan Home library Current library Source of acquisition Inventory number Total Checkouts Full call number Barcode Date last seen Koha item type
    Dewey Decimal Classification     MUST Main Library MUST Main Library Donation 03/20538   530.12 HEY 1987 2024-0181 02/05/2024 Open Shelf